000 01165nam a2200265u 4500
001 modelrailroading00lion
003 CaSfIA
005 20210118190034.0
007 cr||||
008 821203s1950 nyua 000 0 eng
035 _9(DLC) 50038050
856 4 1 _uhttp://www.archive.org/details/modelrailroading00lion
_zFree eBook from the Internet Archive
856 4 2 _uhttp://www.openlibrary.org/books/OL24214212M
_zAdditional information and access via Open Library
010 _a 50038050
040 _aDLC
_cCarP
_dDLC
_dCaSfIA
050 0 0 _aTF197
_b.L48
110 2 _aLionel Corporation. [from old catalog]
245 0 0 _aModel railroading.
_h[electronic resource]
260 _aNew York,
_bBantam Books
_c[1950]
300 _a256 p.
_billus.
_c17 cm.
650 0 _aRailroads
_xModels. [from old catalog]
942 _cEB
506 _fНеобхідна авторизація на https://archive.org/ (створення облікового запису безкоштовно)
506 _fНеобхідна авторизація на https://openlibrary.org/ (створення облікового запису безкоштовно)
999 _c526104
_d526104